The best seat in second grade / (Record no. 31206)

MARC details
000 -LEADER
fixed length control field 02468pam a2200505 a 4500
001 - CONTROL NUMBER
control field 11098139
003 - CONTROL NUMBER IDENTIFIER
control field KyLxBWI
005 - DATE AND TIME OF LATEST TRANSACTION
control field 20251119122337.0
008 - FIXED-LENGTH DATA ELEMENTS--GENERAL INFORMATION
fixed length control field 060914t20052005nyua b 000 1 eng d
020 ## - INTERNATIONAL STANDARD BOOK NUMBER
International Standard Book Number 9780060007362
020 ## - INTERNATIONAL STANDARD BOOK NUMBER
International Standard Book Number 0060007362
020 ## - INTERNATIONAL STANDARD BOOK NUMBER
International Standard Book Number 0329466844
040 ## - CATALOGING SOURCE
Original cataloging agency ICrlF
Language of cataloging eng
Transcribing agency ICrlF
Modifying agency ICrlF
041 ## - LANGUAGE CODE
Language code of text/sound track or separate title eng
050 04 - LIBRARY OF CONGRESS CALL NUMBER
Classification number PZ7.K315
Item number Bes 2005
082 04 - DEWEY DECIMAL CLASSIFICATION NUMBER
Classification number [E]
Edition number 22
099 ## - LOCAL FREE-TEXT CALL NUMBER (OCLC)
Classification number jREADER KENAH Katharin
100 1# - MAIN ENTRY--PERSONAL NAME
Personal name Kenah, Katharine.
Authority record control number https://id.loc.gov/authorities/names/n93029171.
245 14 - TITLE STATEMENT
Title The best seat in second grade /
Statement of responsibility, etc. story by Katharine Kenah ; pictures by Abby Carter.
250 ## - EDITION STATEMENT
Edition statement 1st ed.
260 ## - PUBLICATION, DISTRIBUTION, ETC. (IMPRINT)
Place of publication, distribution, etc. New York :
Name of publisher, distributor, etc. HarperCollins,
Date of publication, distribution, etc. c2005.
264 #1 - PRODUCTION, PUBLICATION, DISTRIBUTION, MANUFACTURE, AND COPYRIGHT NOTICE
Place of production, publication, distribution, manufacture New York :
Name of producer, publisher, distributor, manufacturer HarperCollins,
Date of production, publication, distribution, manufacture, or copyright notice [2005]
264 #4 - PRODUCTION, PUBLICATION, DISTRIBUTION, MANUFACTURE, AND COPYRIGHT NOTICE
Date of production, publication, distribution, manufacture, or copyright notice c2005.
300 ## - PHYSICAL DESCRIPTION
Extent 48 pages :
Other physical details color illustrations ;
Dimensions 23 cm.
336 ## - CONTENT TYPE
Content type term text
Content type code txt
Source rdacontent.
337 ## - MEDIA TYPE
Media type term unmediated
Media type code n
Source rdamedia.
338 ## - CARRIER TYPE
Carrier type term volume
Carrier type code nc
Source rdacarrier.
385 ## - AUDIENCE CHARACTERISTICS
Demographic group code age
Audience term Children
Source lcdgt.
490 1# - SERIES STATEMENT
Series statement I can read book.
500 ## - GENERAL NOTE
General note "2, reading with help."
520 ## - SUMMARY, ETC.
Summary, etc. Sam's favorite thing about second grade is the class pet, a hamster named George Washington, so when the class goes on a field trip to a science museum, Sam cannot resist bringing George along.
521 0# - TARGET AUDIENCE NOTE
Target audience note 2.8.
521 2# - TARGET AUDIENCE NOTE
Target audience note K-3
Source Follett Library Resources.
650 #0 - SUBJECT ADDED ENTRY--TOPICAL TERM
Topical term or geographic name as entry element School field trips
Authority record control number https://id.loc.gov/authorities/subjects/sh85118327
Form subdivision Juvenile fiction.
Authority record control number https://id.loc.gov/authorities/subjects/sh99001687.
650 #0 - SUBJECT ADDED ENTRY--TOPICAL TERM
Topical term or geographic name as entry element Museums
Authority record control number https://id.loc.gov/authorities/subjects/sh85088723
Form subdivision Juvenile fiction.
Authority record control number https://id.loc.gov/authorities/subjects/sh99001687.
650 #0 - SUBJECT ADDED ENTRY--TOPICAL TERM
Topical term or geographic name as entry element Hamsters
Authority record control number https://id.loc.gov/authorities/subjects/sh85058603
Form subdivision Juvenile fiction.
Authority record control number https://id.loc.gov/authorities/subjects/sh99001687.
650 #0 - SUBJECT ADDED ENTRY--TOPICAL TERM
Topical term or geographic name as entry element Lost articles
Form subdivision Juvenile fiction.
Authority record control number https://id.loc.gov/authorities/subjects/sh2010100150.
655 #7 - INDEX TERM--GENRE/FORM
Genre/form data or focus term Readers (Publications)
Source of term lcgft
Authority record control number https://id.loc.gov/authorities/genreForms/gf2014026160.
655 #7 - INDEX TERM--GENRE/FORM
Genre/form data or focus term Fiction.
Source of term lcgft
Authority record control number https://id.loc.gov/authorities/genreForms/gf2014026339.
700 1# - ADDED ENTRY--PERSONAL NAME
Personal name Carter, Abby,
Authority record control number https://id.loc.gov/authorities/names/n88074292
Relator term illustrator.
830 #0 - SERIES ADDED ENTRY--UNIFORM TITLE
Uniform title I can read book.
Authority record control number https://id.loc.gov/authorities/names/n42013105.
856 ## - ELECTRONIC LOCATION AND ACCESS
Uniform Resource Identifier <a href="http://www.loc.gov/catdir/toc/ecip0415/2004000178.html ">http://www.loc.gov/catdir/toc/ecip0415/2004000178.html </a>
Materials specified Table of contents
Link text Table of contents
856 41 - ELECTRONIC LOCATION AND ACCESS
Materials specified Table of contents
Uniform Resource Identifier <a href="http://www.loc.gov/catdir/toc/ ecip0415/2004000178.html">http://www.loc.gov/catdir/toc/ ecip0415/2004000178.html</a>
942 ## - ADDED ENTRY ELEMENTS (KOHA)
Koha item type Libro/Book
Holdings
Withdrawn status Lost status Damaged status Not for loan Home library Current library Shelving location Date acquired Total Checkouts Full call number Barcode Date last seen Date checked out Price effective from Koha item type
        San Juan Del Sur -- Biblioteca San Juan Del Sur -- Biblioteca Children's Area 19/11/2025 1 JFI 30023544 03/01/2026 27/12/2025 19/11/2025 Libro/Book

Powered by Koha